Toute les races de chat en C - Statistiques

Statistiques générales
  • Ce quiz a été pris 2 fois
  • Le résultat moyen est 2 sur 9
Statistiques - réponses
Régions Réponses % Correct
4 France Chartreux
100%
3 Sri Lanka Ceylan
50%
1 États-Unis Californian rex
0%
2 États-Unis Californian spangled
0%
5 États-Unis Chantilly
0%
6 États-Unis Chausie
0%
7 Thaïlande Colorpoint shorthair
0%
8 Royaume-Uni Cornish rex
0%
9 Île de Man Cymric
0%
Aucun quiz correspondant
Distribution des résultats
% des personnes avec chaque résultat
Percentile par nombre de réponses
Votre historique - résultats
Vous n’avez pas pris ce quiz